<?xml version="1.0" encoding="UTF-8"?><?xml-stylesheet type="text/xsl" href="static/style.xsl"?><OAI-PMH xmlns="http://www.openarchives.org/OAI/2.0/" xmlns:xsi="http://www.w3.org/2001/XMLSchema-instance" xsi:schemaLocation="http://www.openarchives.org/OAI/2.0/ http://www.openarchives.org/OAI/2.0/OAI-PMH.xsd"><responseDate>2026-04-13T15:07:49Z</responseDate><request verb="GetRecord" identifier="oai:www.recercat.cat:10256/19712" metadataPrefix="marc">https://recercat.cat/oai/request</request><GetRecord><record><header><identifier>oai:recercat.cat:10256/19712</identifier><datestamp>2024-06-18T12:12:29Z</datestamp><setSpec>com_2072_452955</setSpec><setSpec>com_2072_2054</setSpec><setSpec>col_2072_452961</setSpec></header><metadata><record xmlns="http://www.loc.gov/MARC21/slim" xmlns:dcterms="http://purl.org/dc/terms/" xmlns:xsi="http://www.w3.org/2001/XMLSchema-instance" xmlns:doc="http://www.lyncode.com/xoai" xsi:schemaLocation="http://www.loc.gov/MARC21/slim http://www.loc.gov/standards/marcxml/schema/MARC21slim.xsd">
   <leader>00925njm 22002777a 4500</leader>
   <datafield ind2=" " ind1=" " tag="042">
      <subfield code="a">dc</subfield>
   </datafield>
   <datafield ind2=" " ind1=" " tag="720">
      <subfield code="a">Alsina, Àngel</subfield>
      <subfield code="e">author</subfield>
   </datafield>
   <datafield ind2=" " ind1=" " tag="260">
      <subfield code="c">2021-07-16</subfield>
   </datafield>
   <datafield ind2=" " ind1=" " tag="520">
      <subfield code="a">Five recommendations are presented to improve the teaching practices of Statistics and Probability in Early Childhood and Primary Education, based on the foundations of the Mathematics Teaching Itineraries Approach (EIEM, by its acronym in Spanish): 1) plan and manage teaching of statistics and probability through mathematical processes; 2) promote statistical and probability teaching practices that consider both students and teachers; 3) consider informal, intermediate and formal contexts in all sequences of statistics and probability, with different prominence depending on the school level; 4) guarantee the principle of progressive abstraction, from concrete to abstract, in all itineraries of statistics and probability; and 5) have objective criteria to select teaching contexts of statistics and probability. It is concluded that these recommendations can contribute to more effective teaching through the design and implementation of productive practices that promote statistical and probabilistic literacy among students aged 3 to 12 years</subfield>
   </datafield>
   <datafield ind2=" " ind1=" " tag="520">
      <subfield code="a">Se presentan cinco recomendaciones para mejorar las prácticas de enseñanza de la&#xd;
Estadística y la Probabilidad en Educación Infantil y Primaria, con base en los&#xd;
fundamentos del Enfoque de los Itinerarios de Enseñanza de las Matemáticas (EIEM): 1)&#xd;
planificar y gestionar la enseñanza de la Estadística y la Probabilidad a través de los&#xd;
procesos matemáticos; 2) promover prácticas de enseñanza de la Estadística y la&#xd;
Probabilidad que consideren tanto al alumnado como al profesorado; 3) considerar&#xd;
contextos informales, intermedios y formales en todas las secuencias de enseñanza de la&#xd;
Estadística y la Probabilidad, con distinto protagonismo según el nivel escolar; 4)&#xd;
garantizar el principio de abstracción progresiva, desde lo concreto hacia lo abstracto, en&#xd;
todos los itinerarios de enseñanza de la Estadística y la Probabilidad; y 5) disponer de&#xd;
criterios objetivos para la selección de los contextos de enseñanza de la Estadística y la&#xd;
Probabilidad. Se concluye que estas recomendaciones pueden contribuir a una enseñanza&#xd;
más eficaz a través del diseño e implementación de prácticas productivas, que promuevan&#xd;
la alfabetización estadística y probabilística del alumnado de 3 a 12 años</subfield>
   </datafield>
   <datafield ind1="8" ind2=" " tag="024">
      <subfield code="a">http://hdl.handle.net/10256/19712</subfield>
   </datafield>
   <datafield tag="653" ind2=" " ind1=" ">
      <subfield code="a">Matemàtica -- Ensenyament</subfield>
   </datafield>
   <datafield tag="653" ind2=" " ind1=" ">
      <subfield code="a">Mathemathics -- Study and teaching</subfield>
   </datafield>
   <datafield tag="653" ind2=" " ind1=" ">
      <subfield code="a">Probabilitats -- Educació primària</subfield>
   </datafield>
   <datafield tag="653" ind2=" " ind1=" ">
      <subfield code="a">Probabilities -- Study and teaching (Primary)</subfield>
   </datafield>
   <datafield tag="653" ind2=" " ind1=" ">
      <subfield code="a">Probabilitats -- Ensenyament</subfield>
   </datafield>
   <datafield tag="653" ind2=" " ind1=" ">
      <subfield code="a">Probabilities -- Study and teaching</subfield>
   </datafield>
   <datafield tag="653" ind2=" " ind1=" ">
      <subfield code="a">Estadística -- Educació primària</subfield>
   </datafield>
   <datafield tag="653" ind2=" " ind1=" ">
      <subfield code="a">Statistics -- Study and teaching (Primary)</subfield>
   </datafield>
   <datafield tag="653" ind2=" " ind1=" ">
      <subfield code="a">Estadística -- Ensenyament</subfield>
   </datafield>
   <datafield tag="653" ind2=" " ind1=" ">
      <subfield code="a">Statistics -- Study and teaching</subfield>
   </datafield>
   <datafield tag="653" ind2=" " ind1=" ">
      <subfield code="a">Didàctica</subfield>
   </datafield>
   <datafield tag="653" ind2=" " ind1=" ">
      <subfield code="a">Teaching</subfield>
   </datafield>
   <datafield ind2="0" ind1="0" tag="245">
      <subfield code="a">¿Qué puede hacer el profesorado para mejorar la enseñanza de la Estadística y la Probabilidad? Recomendaciones esenciales desde el Enfoque de los Itinerarios de Enseñanza de las Matemática</subfield>
   </datafield>
</record></metadata></record></GetRecord></OAI-PMH>